| 000 | 00728nam a2200193 i 4500 | ||
|---|---|---|---|
| 001 | 22110 | ||
| 003 | ES-MaACL | ||
| 005 | 20230906152623.0 | ||
| 007 | t| | ||
| 008 | 021212s1867 sp ||||1| spa d | ||
| 110 | 2 |
_aAteneo Balear. _91843 |
|
| 245 | 1 | 0 | _aActa de la sesión inaugural del Ateneo Balear celebrada en 26 de octubre de 1867. |
| 260 |
_aPalma : _bAteneo Balear, _c1867 ( _fImp. de Pedro José Gelabert) |
||
| 300 |
_a23 p. ; _c24 cm. |
||
| 505 | 8 | _aContiene: Educad, instruid...: discurso leído en la sesión inaugural del Ateneo Balear en 26 de octubre de 1867 / José Luis Pons | |
| 610 | 2 | 4 |
_aAteneo Balear- _vDiscursos de apertura. _9169360 |
| 700 | 1 |
_aPons, José Luis. _992993 |
|
| 852 | 4 |
_aES-MaACL _jT-64-F-4 |
|
| 999 |
_c22110 _d22110 |
||